Statistics for what language do they speak?

Click here to take the quiz!

General Stats

  • This quiz has been taken 42 times
  • The average score is 9 of 15

Answer Stats

QuestionAnswer% Correct
Country / USAEnglish . American
85%
Country / ChinaMandarin
85%
Country / PolandPolish
85%
Country / GreeceGreek
78%
Country / BrazilPortugese
78%
Country / YugoslaviaSerbo-croatian
73%
Country / UzbekistanUzbek
70%
Country / BangladeshBengali
68%
Country / NetherlandsDutch
60%
Country / NepalNepali
60%
Country / NigeriaEnglish
58%
Country / ItalyLombard
55%
Country / GhanaAkan
38%
Country / TurkeyKurmanji
30%
Country / ZimbabweShona
15%

Score Distribution

Percentile by Number Answered

Percent of People with Each Score

Your Score History

You have not taken this quiz